| 000 | 02917nam0a2200445 4500 | ||
|---|---|---|---|
| 001 | RU\NLR\bibl\1367240 | ||
| 005 | 20250615185440.0 | ||
| 010 |
_a978-5-9704-0878-0 _92000 |
||
| 021 |
_aRU _b2009-19893 _91182 |
||
| 035 | _a(nilc)RSL-KNO-004264456 | ||
| 035 | _a(NLR Aleph) 001359390 | ||
| 090 |
_a971483 _c971483 |
||
| 100 | _a20090318d2009 |||y0rusy50 ca | ||
| 101 | 0 | _arus | |
| 102 | _aRU | ||
| 105 | _aa ||||||||| | ||
| 200 | 1 |
_aХимия и технология фитопрепаратов _eучебное пособие для вузов, для системы послевузовского профессионального образования провизоров _fС. А. Минина, И. Е. Каухова |
|
| 205 | _a2-е изд., перераб. и доп. | ||
| 210 |
_aМосква _cГЭОТАР-Медиа _d2009 |
||
| 215 |
_a559 с. _cил. _d22 |
||
| 320 | _aБиблиогр.: с. 552-554 | ||
| 320 | _aАлф. указ.: с. 555-559 | ||
| 606 | 1 |
_aГаленовые препараты _jУчебные издания для высших учебных заведений _xПроизводство _91350103 _3RU\NLR\auth\66249029 |
|
| 610 | 0 | _aЗдравоохранение. Медицинские науки -- Фармация -- Фармакогнозия -- Лекарственные растения -- Учебник для высшей школы | |
| 610 | 0 | _aХимическая технология. Химические производства -- Технология органических веществ -- Лекарственные вещества и препараты. Фармацевтическое производство -- Галеновые препараты (фитопрепараты). Галеновое производство -- Учебник для высшей школы | |
| 610 | 0 | _aХимическая технология. Химические производства -- Технология органических веществ -- Лекарственные вещества и препараты. Фармацевтическое производство -- Органические лекарственные вещества и препараты -- Природные лекарственные вещества -- Учебник для высшей школы | |
| 610 | 0 | _aновогаленовые препараты | |
| 686 |
_aР282.11я73-1 _2rubbk |
||
| 686 |
_aЛ663я73-1 _2rubbk |
||
| 686 |
_aЛ662.9я73-1 _2rubbk |
||
| 686 | _aЛ663я73-1 | ||
| 700 | 1 |
_aМинина _bС. А. _gСусанна Александровна _4070 |
|
| 701 | 1 |
_aКаухова _bИ. Е. _gИрина Евгеньевна _4070 |
|
| 801 | 0 |
_aRU _bРКП _c20090318 _grcr |
|
| 801 | 1 |
_aRU _bРГБ _c20090318 |
|
| 801 | 2 |
_aRU _bNLR _c20090508 _grcr |
|
| 830 | _aпо кн | ||
| 942 | _cBOOK | ||
| 980 | _aNB | ||